000 00570nam a2200145 a 4500
008 091214s1996 ||||||||||||||||| || u
050 _aPAPERS/STAFF
100 _aDaka, Ezekiel
245 1 4 _aThe impact of electronic technology on education
260 _aUnited Kingdom
_bUniversity of Hull
_c1996
350 _a0.00
650 _aVIDEO TAPES IN EDUCATION
650 0 _aEDUCATIONAL TESTS AND MEASUREMENTS
995 _D0.00
_FCBU-MAIN LIBRARY (Kitwe)
_H1
_I0.00
_M1
_UAVAILABLE
_WDec 14, 2009
_ZUniversity Collection
999 _c46262
_d46262